000 01073 a2200289 4500
003 Nust
005 20170207154010.0
010 _a 2002283475
020 _a059600088X
035 _a(OCoLC)ocm48154376
040 _cNust
082 0 0 _a005.7585
100 1 _aBales, Donald.
245 1 0 _aJava programming with Oracle JDBC -(E-BOOK)
_cDonald Bales.
246 1 4 _aOracle & Java programming
246 1 4 _aOracle and Java programming
250 _a1st ed.
260 _aSebastopol, CA :
_bO'Reilly,
_c2002.
300 _axv, 477 p. :
_bill. ;
_c24 cm.
500 _aIncludes index.
505 _aOverview – Connections - Relational SQL - Object-Relational SQL – Essentials
650 0 _aJava (Computer program language)
651 _aE-BOOK
856 4 2 _3Contributor biographical information
_uhttp://www.loc.gov/catdir/enhancements/fy1004/2002283475-b.html
856 4 2 _3Publisher description
_uhttp://www.loc.gov/catdir/enhancements/fy0715/2002283475-d.html
856 4 2 _3Table of contents only
_uhttp://www.loc.gov/catdir/enhancements/fy1009/2002283475-t.html
942 _2ddc
_cBK
999 _c191173
_d191173